| 000 | 00346nam a22001337a 4500 | ||
|---|---|---|---|
| 020 | _a9695037186 | ||
| 082 |
_a891.4392 _bMUF |
||
| 100 | _aMufti, Mumtaz | ||
| 245 |
_aNizam Siqa / _cMumtaz Mufti |
||
| 260 |
_aLahore : _bAl-Faisal Nashran, _c2017. |
||
| 300 |
_a184 p. ; _c22 cm. |
||
| 880 |
_6245-02\r _aنظام سقہ / |
||
| 942 |
_2ddc _cBK |
||
| 999 |
_c594547 _d594547 |
||